<?xml version="1.0" encoding="UTF-8"?>
<record
    xmlns:xsi="http://www.w3.org/2001/XMLSchema-instance"
    xsi:schemaLocation="http://www.loc.gov/MARC21/slim http://www.loc.gov/standards/marcxml/schema/MARC21slim.xsd"
    xmlns="http://www.loc.gov/MARC21/slim">

  <leader>03755nam a22004577a 4500</leader>
  <controlfield tag="005">20100906112156.0</controlfield>
  <controlfield tag="008">100906t        xxu||||| |||| 00| 0 eng d</controlfield>
  <datafield tag="010" ind1=" " ind2=" ">
    <subfield code="a">ENG-101426   B-428322-333</subfield>
  </datafield>
  <datafield tag="020" ind1=" " ind2=" ">
    <subfield code="a">818429039x</subfield>
    <subfield code="c">2395.00</subfield>
  </datafield>
  <datafield tag="020" ind1=" " ind2=" ">
    <subfield code="a">9788184290394</subfield>
    <subfield code="c">2395.00</subfield>
  </datafield>
  <datafield tag="035" ind1=" " ind2=" ">
    <subfield code="a">EN-84959</subfield>
  </datafield>
  <datafield tag="035" ind1=" " ind2=" ">
    <subfield code="a"> B-428322-333</subfield>
  </datafield>
  <datafield tag="037" ind1=" " ind2=" ">
    <subfield code="b">DBAD/PUB</subfield>
  </datafield>
  <datafield tag="037" ind1=" " ind2=" ">
    <subfield code="b">Researchco Book Centre</subfield>
  </datafield>
  <datafield tag="040" ind1=" " ind2=" ">
    <subfield code="a">Dpl</subfield>
    <subfield code="b">Eng</subfield>
  </datafield>
  <datafield tag="082" ind1=" " ind2=" ">
    <subfield code="a">658.15</subfield>
  </datafield>
  <datafield tag="100" ind1="1" ind2=" ">
    <subfield code="a">Srivastava,Alok</subfield>
    <subfield code="9">18461</subfield>
  </datafield>
  <datafield tag="245" ind1="1" ind2="0">
    <subfield code="a">Advanced managerial economics /</subfield>
    <subfield code="c">by Alok Srivastava</subfield>
  </datafield>
  <datafield tag="260" ind1=" " ind2=" ">
    <subfield code="a">Ambala Cantt</subfield>
    <subfield code="b">The Associated Publishers</subfield>
    <subfield code="c">2006</subfield>
  </datafield>
  <datafield tag="270" ind1=" " ind2=" ">
    <subfield code="a">B-43, Vita Colony,Vill.&amp; P.O.Dhulkot,</subfield>
    <subfield code="b">Ambala Cantt</subfield>
    <subfield code="e">134003</subfield>
  </datafield>
  <datafield tag="300" ind1=" " ind2=" ">
    <subfield code="a">vi,640p. </subfield>
    <subfield code="c">27cm (Hb)</subfield>
  </datafield>
  <datafield tag="520" ind1=" " ind2=" ">
    <subfield code="a">On commerce in 18th century Madras during East India Company rule.</subfield>
  </datafield>
  <datafield tag="610" ind1=" " ind2=" ">
    <subfield code="a">East India Company.</subfield>
    <subfield code="9">18462</subfield>
  </datafield>
  <datafield tag="700" ind1=" " ind2=" ">
    <subfield code="9">18490</subfield>
  </datafield>
  <datafield tag="942" ind1=" " ind2=" ">
    <subfield code="2">ddc</subfield>
    <subfield code="c">EN</subfield>
    <subfield code="m">SRI</subfield>
    <subfield code="h">658.15</subfield>
  </datafield>
  <datafield tag="999" ind1=" " ind2=" ">
    <subfield code="c">43904</subfield>
    <subfield code="d">43904</subfield>
  </datafield>
  <datafield tag="952" ind1=" " ind2=" ">
    <subfield code="0">0</subfield>
    <subfield code="1">0</subfield>
    <subfield code="2">ddc</subfield>
    <subfield code="4">0</subfield>
    <subfield code="7">1</subfield>
    <subfield code="8">NFIC</subfield>
    <subfield code="a">DBAD</subfield>
    <subfield code="b">DBAD</subfield>
    <subfield code="d">2010-09-06</subfield>
    <subfield code="e">DBAD/PUB</subfield>
    <subfield code="g">2395.00</subfield>
    <subfield code="l">0</subfield>
    <subfield code="o">658.15 SRI</subfield>
    <subfield code="p">EN-84959</subfield>
    <subfield code="r">2010-09-06 00:00:00</subfield>
    <subfield code="t">1</subfield>
    <subfield code="v">2395.00</subfield>
    <subfield code="y">EN</subfield>
  </datafield>
  <datafield tag="952" ind1=" " ind2=" ">
    <subfield code="0">0</subfield>
    <subfield code="1">0</subfield>
    <subfield code="2">ddc</subfield>
    <subfield code="4">0</subfield>
    <subfield code="7">0</subfield>
    <subfield code="8">NFIC</subfield>
    <subfield code="a">L</subfield>
    <subfield code="b">L</subfield>
    <subfield code="d">2011-08-11</subfield>
    <subfield code="e">Researchco Book Centre/22425/2010-11/17.3.11/76/4.3.11/30.3.11</subfield>
    <subfield code="g">2395.00</subfield>
    <subfield code="l">1</subfield>
    <subfield code="o">658.15 SRI</subfield>
    <subfield code="p">B-428322</subfield>
    <subfield code="r">2017-10-03 00:00:00</subfield>
    <subfield code="s">2017-09-18</subfield>
    <subfield code="t">2</subfield>
    <subfield code="v">2395.00</subfield>
    <subfield code="w">2011-08-11</subfield>
    <subfield code="y">EN</subfield>
  </datafield>
  <datafield tag="952" ind1=" " ind2=" ">
    <subfield code="0">0</subfield>
    <subfield code="1">0</subfield>
    <subfield code="2">ddc</subfield>
    <subfield code="4">0</subfield>
    <subfield code="7">0</subfield>
    <subfield code="8">NFIC</subfield>
    <subfield code="a">L</subfield>
    <subfield code="b">L</subfield>
    <subfield code="d">2011-08-11</subfield>
    <subfield code="e">Researchco Book Centre/22425/2010-11/17.3.11/76/4.3.11/30.3.11</subfield>
    <subfield code="g">2395.00</subfield>
    <subfield code="l">2</subfield>
    <subfield code="o">658.15 SRI</subfield>
    <subfield code="p">B-428323</subfield>
    <subfield code="r">2017-09-21 00:00:00</subfield>
    <subfield code="s">2017-09-04</subfield>
    <subfield code="t">2</subfield>
    <subfield code="v">2395.00</subfield>
    <subfield code="w">2011-08-11</subfield>
    <subfield code="y">EN</subfield>
  </datafield>
  <datafield tag="952" ind1=" " ind2=" ">
    <subfield code="0">0</subfield>
    <subfield code="1">0</subfield>
    <subfield code="2">ddc</subfield>
    <subfield code="4">0</subfield>
    <subfield code="7">0</subfield>
    <subfield code="8">NFIC</subfield>
    <subfield code="a">M</subfield>
    <subfield code="b">M</subfield>
    <subfield code="d">2011-08-11</subfield>
    <subfield code="e">Researchco Book Centre/22425/2010-11/17.3.11/76/4.3.11/30.3.11</subfield>
    <subfield code="g">2395.00</subfield>
    <subfield code="l">0</subfield>
    <subfield code="o">658.15 SRI</subfield>
    <subfield code="p">B-428324</subfield>
    <subfield code="r">2011-08-11 00:00:00</subfield>
    <subfield code="t">5</subfield>
    <subfield code="v">2395.00</subfield>
    <subfield code="w">2011-08-11</subfield>
    <subfield code="y">EN</subfield>
  </datafield>
  <datafield tag="952" ind1=" " ind2=" ">
    <subfield code="0">0</subfield>
    <subfield code="1">0</subfield>
    <subfield code="2">ddc</subfield>
    <subfield code="4">0</subfield>
    <subfield code="7">0</subfield>
    <subfield code="8">NFIC</subfield>
    <subfield code="a">M</subfield>
    <subfield code="b">M</subfield>
    <subfield code="d">2011-08-11</subfield>
    <subfield code="e">Researchco Book Centre/22425/2010-11/17.3.11/76/4.3.11/30.3.11</subfield>
    <subfield code="g">2395.00</subfield>
    <subfield code="l">0</subfield>
    <subfield code="o">658.15 SRI</subfield>
    <subfield code="p">B-428325</subfield>
    <subfield code="r">2011-08-11 00:00:00</subfield>
    <subfield code="t">5</subfield>
    <subfield code="v">2395.00</subfield>
    <subfield code="w">2011-08-11</subfield>
    <subfield code="y">EN</subfield>
  </datafield>
  <datafield tag="952" ind1=" " ind2=" ">
    <subfield code="0">0</subfield>
    <subfield code="1">0</subfield>
    <subfield code="2">ddc</subfield>
    <subfield code="4">0</subfield>
    <subfield code="7">0</subfield>
    <subfield code="8">NFIC</subfield>
    <subfield code="a">M</subfield>
    <subfield code="b">M</subfield>
    <subfield code="d">2011-08-11</subfield>
    <subfield code="e">Researchco Book Centre/22425/2010-11/17.3.11/76/4.3.11/30.3.11</subfield>
    <subfield code="g">2395.00</subfield>
    <subfield code="l">0</subfield>
    <subfield code="o">658.15 SRI</subfield>
    <subfield code="p">B-428326</subfield>
    <subfield code="r">2011-08-11 00:00:00</subfield>
    <subfield code="t">5</subfield>
    <subfield code="v">2395.00</subfield>
    <subfield code="w">2011-08-11</subfield>
    <subfield code="y">EN</subfield>
  </datafield>
  <datafield tag="952" ind1=" " ind2=" ">
    <subfield code="0">0</subfield>
    <subfield code="1">0</subfield>
    <subfield code="2">ddc</subfield>
    <subfield code="4">0</subfield>
    <subfield code="7">0</subfield>
    <subfield code="8">NFIC</subfield>
    <subfield code="a">M</subfield>
    <subfield code="b">M</subfield>
    <subfield code="d">2011-08-11</subfield>
    <subfield code="e">Researchco Book Centre/22425/2010-11/17.3.11/76/4.3.11/30.3.11</subfield>
    <subfield code="g">2395.00</subfield>
    <subfield code="l">0</subfield>
    <subfield code="o">658.15 SRI</subfield>
    <subfield code="p">B-428327</subfield>
    <subfield code="r">2011-08-11 00:00:00</subfield>
    <subfield code="t">5</subfield>
    <subfield code="v">2395.00</subfield>
    <subfield code="w">2011-08-11</subfield>
    <subfield code="y">EN</subfield>
  </datafield>
  <datafield tag="952" ind1=" " ind2=" ">
    <subfield code="0">0</subfield>
    <subfield code="1">0</subfield>
    <subfield code="2">ddc</subfield>
    <subfield code="4">0</subfield>
    <subfield code="7">0</subfield>
    <subfield code="8">NFIC</subfield>
    <subfield code="a">M</subfield>
    <subfield code="b">M</subfield>
    <subfield code="d">2011-08-11</subfield>
    <subfield code="e">Researchco Book Centre/22425/2010-11/17.3.11/76/4.3.11/30.3.11</subfield>
    <subfield code="g">2395.00</subfield>
    <subfield code="l">0</subfield>
    <subfield code="o">658.15 SRI</subfield>
    <subfield code="p">B-428328</subfield>
    <subfield code="r">2011-08-11 00:00:00</subfield>
    <subfield code="t">5</subfield>
    <subfield code="v">2395.00</subfield>
    <subfield code="w">2011-08-11</subfield>
    <subfield code="y">EN</subfield>
  </datafield>
  <datafield tag="952" ind1=" " ind2=" ">
    <subfield code="0">0</subfield>
    <subfield code="1">0</subfield>
    <subfield code="2">ddc</subfield>
    <subfield code="4">0</subfield>
    <subfield code="7">0</subfield>
    <subfield code="8">NFIC</subfield>
    <subfield code="a">BL1</subfield>
    <subfield code="b">BL1</subfield>
    <subfield code="d">2011-08-11</subfield>
    <subfield code="e">Researchco Book Centre/22425/2010-11/17.3.11/76/4.3.11/30.3.11</subfield>
    <subfield code="g">2395.00</subfield>
    <subfield code="l">0</subfield>
    <subfield code="o">658.15 SRI</subfield>
    <subfield code="p">B-428329</subfield>
    <subfield code="r">2011-08-11 00:00:00</subfield>
    <subfield code="t">1</subfield>
    <subfield code="v">2395.00</subfield>
    <subfield code="w">2011-08-11</subfield>
    <subfield code="y">EN</subfield>
  </datafield>
  <datafield tag="952" ind1=" " ind2=" ">
    <subfield code="0">0</subfield>
    <subfield code="1">0</subfield>
    <subfield code="2">ddc</subfield>
    <subfield code="4">0</subfield>
    <subfield code="7">0</subfield>
    <subfield code="8">NFIC</subfield>
    <subfield code="a">JP</subfield>
    <subfield code="b">JP</subfield>
    <subfield code="d">2011-08-11</subfield>
    <subfield code="e">Researchco Book Centre/22425/2010-11/17.3.11/76/4.3.11/30.3.11</subfield>
    <subfield code="g">2395.00</subfield>
    <subfield code="l">3</subfield>
    <subfield code="m">1</subfield>
    <subfield code="o">658.15 SRI</subfield>
    <subfield code="p">B-428330</subfield>
    <subfield code="r">2013-01-10 00:00:00</subfield>
    <subfield code="s">2013-01-04</subfield>
    <subfield code="t">1</subfield>
    <subfield code="v">2395.00</subfield>
    <subfield code="w">2011-08-11</subfield>
    <subfield code="y">EN</subfield>
  </datafield>
  <datafield tag="952" ind1=" " ind2=" ">
    <subfield code="0">0</subfield>
    <subfield code="1">0</subfield>
    <subfield code="2">ddc</subfield>
    <subfield code="4">0</subfield>
    <subfield code="7">0</subfield>
    <subfield code="8">NFIC</subfield>
    <subfield code="a">ZLS</subfield>
    <subfield code="b">ZLS</subfield>
    <subfield code="d">2011-08-11</subfield>
    <subfield code="e">Researchco Book Centre/22425/2010-11/17.3.11/76/4.3.11/30.3.11</subfield>
    <subfield code="g">2395.00</subfield>
    <subfield code="l">0</subfield>
    <subfield code="o">658.15 SRI</subfield>
    <subfield code="p">B-428331</subfield>
    <subfield code="r">2011-08-11 00:00:00</subfield>
    <subfield code="t">1</subfield>
    <subfield code="v">2395.00</subfield>
    <subfield code="w">2011-08-11</subfield>
    <subfield code="y">EN</subfield>
  </datafield>
  <datafield tag="952" ind1=" " ind2=" ">
    <subfield code="0">0</subfield>
    <subfield code="1">0</subfield>
    <subfield code="2">ddc</subfield>
    <subfield code="4">0</subfield>
    <subfield code="7">0</subfield>
    <subfield code="8">NFIC</subfield>
    <subfield code="a">VP</subfield>
    <subfield code="b">VP</subfield>
    <subfield code="d">2011-08-11</subfield>
    <subfield code="e">Researchco Book Centre/22425/2010-11/17.3.11/76/4.3.11/30.3.11</subfield>
    <subfield code="g">2395.00</subfield>
    <subfield code="l">2</subfield>
    <subfield code="m">1</subfield>
    <subfield code="o">658.15 SRI</subfield>
    <subfield code="p">B-428332</subfield>
    <subfield code="r">2013-05-16 00:00:00</subfield>
    <subfield code="s">2013-05-14</subfield>
    <subfield code="t">1</subfield>
    <subfield code="v">2395.00</subfield>
    <subfield code="w">2011-08-11</subfield>
    <subfield code="y">EN</subfield>
  </datafield>
  <datafield tag="952" ind1=" " ind2=" ">
    <subfield code="0">0</subfield>
    <subfield code="1">0</subfield>
    <subfield code="2">ddc</subfield>
    <subfield code="4">0</subfield>
    <subfield code="7">0</subfield>
    <subfield code="8">NFIC</subfield>
    <subfield code="a">BL4</subfield>
    <subfield code="b">BL4</subfield>
    <subfield code="d">2011-08-11</subfield>
    <subfield code="e">Researchco Book Centre/22425/2010-11/17.3.11/76/4.3.11/30.3.11</subfield>
    <subfield code="g">2395.00</subfield>
    <subfield code="l">1</subfield>
    <subfield code="o">658.15 SRI</subfield>
    <subfield code="p">B-428333</subfield>
    <subfield code="r">2019-07-06 00:00:00</subfield>
    <subfield code="s">2019-06-25</subfield>
    <subfield code="t">1</subfield>
    <subfield code="v">2395.00</subfield>
    <subfield code="w">2011-08-11</subfield>
    <subfield code="y">EN</subfield>
  </datafield>
</record>
